[Event "Boeblinger Open 2014"]
[Site "Boeblingen"]
[Date "2014.12.31"]
[Round "9"]
[White "Schlecht, Daniel"]
[Black "Kabisch, Thilo"]
[Result "0-1"]
[WhiteElo "2366"]
[BlackElo "2211"]
[PlyCount "120"]
[EventDate "2014.??.??"]

1. d4 Nf6 2. c4 g6 3. Nc3 Bg7 4. e4 d6 5. Nf3 O-O 6. Be2 e5 7. O-O Nc6 8. d5
Ne7 9. Nd2 c5 10. Rb1 Ne8 11. b4 cxb4 12. Rxb4 f5 13. a4 b6 14. a5 bxa5 15. Rb1
Nf6 16. c5 fxe4 17. Ndxe4 Bf5 18. f3 dxc5 19. g4 Bxe4 20. fxe4 Nc8 21. g5 Ne8
22. Be3 Ncd6 23. Rxf8+ Bxf8 24. Qa4 Nf7 25. Bg4 Nxg5 26. Qc6 Nf7 27. Be6 Ned6
28. Rf1 Rb8 29. Qxc5 Rb7 30. Qc6 Rc7 31. Bxf7+ Nxf7 32. Qe6 Qd7 33. Qxd7 Rxd7
34. Kg2 Bb4 35. Ne2 Nd6 36. Ng3 Rc7 37. Bh6 Nf7 38. Be3 Kg7 39. h4 h5 40. Kf3
a4 41. Ra1 a3 42. Ne2 Nd6 43. Bc1 Nc4 44. Ng3 a5 45. Ke2 Rf7 46. Nf1 Bc3 47.
Ra2 Bb2 48. Ne3 Rc7 49. Kd3 Nxe3 50. Bxe3 Rc3+ 51. Kd2 Kf7 52. Bg5 Rh3 53. Kc2
a4 54. Kd2 Ke8 55. Kc2 Kd7 56. Kd2 Bd4 57. Kc2 Rh2+ 58. Kb1 Bb2 59. Bf6 Rg2 60.
Bg5 Rxg5 0-1

[Event "Boeblinger Open 2014"]
[Site "Boeblingen"]
[Date "2014.12.31"]
[Round "9"]
[White "Schmitz, Thorsten"]
[Black "Meskovs, Nikita"]
[Result "1-0"]
[WhiteElo "2306"]
[BlackElo "2452"]
[PlyCount "43"]
[EventDate "2014.??.??"]

1. e4 c5 2. Nf3 e6 3. c3 Nf6 4. e5 Nd5 5. d4 cxd4 6. cxd4 Nc6 7. Be2 d6 8. O-O
Be7 9. Bd2 O-O 10. Nc3 dxe5 11. dxe5 Nxc3 12. Bxc3 b6 13. Qa4 Bb7 14. Rfd1 Qc7
15. Bd3 Rfd8 16. Qe4 g6 17. Qf4 Bf8 18. Ng5 Bg7 19. Ne4 Bxe5 20. Nf6+ Kg7 21.
Ng4 f6 22. Bxe5 1-0

[Event "Boeblinger Open 2014"]
[Site "Boeblingen"]
[Date "2014.12.31"]
[Round "9"]
[White "Schön, Ralf"]
[Black "Bücker, Stefan"]
[Result "1/2-1/2"]
[WhiteElo "2157"]
[BlackElo "2301"]
[PlyCount "95"]
[EventDate "2014.??.??"]

1. c4 g6 2. Nc3 Bg7 3. g3 d6 4. Bg2 Nh6 5. Nf3 O-O 6. O-O c6 7. d3 f5 8. Bd2
Nd7 9. Qc1 Nf7 10. Rb1 a5 11. Ng5 Nc5 12. Nxf7 Rxf7 13. Be3 Ne6 14. f4 Nf8 15.
Na4 Nd7 16. c5 d5 17. d4 h6 18. Bf2 Kh7 19. Rd1 e6 20. Rd3 g5 21. e3 Bf6 22.
Bf3 Rb8 23. Rc3 Qg8 24. Kh1 Bd8 25. b3 Rg7 26. Nb2 Be7 27. Nd3 Nf6 28. Rc2 Bd7
29. b4 a4 30. Rc3 Ra8 31. Ra3 h5 32. Qd1 Be8 33. Rxa4 Rb8 34. Ra7 b5 35. Ra1 g4
36. Bg2 h4 37. gxh4 Bd8 38. Rxg7+ Qxg7 39. Bg3 Ra8 40. a3 Ra6 41. Kg1 Qa7 42.
Qc1 Kh6 43. Ne1 Qa8 44. Nc2 Ra7 45. Kf1 Nd7 46. Ke2 Bh5 47. Kd2 Nf8 48. Qe1
1/2-1/2

[Event "Boeblinger Open 2014"]
[Site "Boeblingen"]
[Date "2014.12.31"]
[Round "9"]
[White "Vujic, Branimir"]
[Black "Lampert, Jonas"]
[Result "1/2-1/2"]
[WhiteElo "2351"]
[BlackElo "2453"]
[PlyCount "73"]
[EventDate "2014.??.??"]

1. d4 d5 2. Bf4 Nf6 3. e3 c5 4. Nc3 cxd4 5. exd4 a6 6. Nf3 Nc6 7. a3 Bg4 8. Be2
e6 9. h3 Bh5 10. Ne5 Bxe2 11. Nxe2 Rc8 12. O-O Bd6 13. Nxc6 Rxc6 14. c3 Ne4 15.
Qd3 Bxf4 16. Nxf4 O-O 17. Rae1 Qg5 18. g3 Qf5 19. Kg2 Nd6 20. Qd1 Nc4 21. Nd3
f6 22. f4 Re8 23. Rf2 Qg6 24. Qf3 Nd6 25. Rfe2 Ne4 26. Nc5 Nxc5 27. dxc5 f5 28.
b4 b6 29. c4 Rd8 30. cxd5 exd5 31. Re5 bxc5 32. Rxd5 Rcd6 33. Rxc5 Rd3 34. Re3
Rd2+ 35. Re2 R2d3 36. Re3 Rd2+ 37. Re2 1/2-1/2